Behaviors related to reproduction of the olive fruit fly, Bactrocera oleae (Rossi) (Diptera: Tephritidae), in Northern California

Guardado en:
Autor Principal: Villamil, Soledad Camila.
Autor Corporativo: University of California Davis.
Formato: Electrónico
Idioma:English
Publicado: Davis, CA : University of California, Davis, 2012.
Acceso en línea:Acceso a texto completo
Etiquetas: Agregar Etiqueta
Sin Etiquetas, Sea el primero en etiquetar este registro!
LEADER 02546nmm a22001815a 4500
001 EEA.libagro010021
008 140710s2012####cau########m########eng#d
005 20200317214231.0
245 1 0 |a Behaviors related to reproduction of the olive fruit fly, Bactrocera oleae (Rossi) (Diptera: Tephritidae), in Northern California  |h [recurso electrónico] /  |c by Soledad Camila Villamil. 
260 |a Davis, CA :  |b University of California, Davis,  |c 2012. 
500 |a Thesis (Ph. D.)-- University of California, Davis, 2012. 
500 |a Dissertation. Submitted in partial satisfaction of the requirements for the degree of Doctor of Philosophy in Entomology. Office of Graduate Studies. University of California Davis, 2012. 
500 |a Increased knowledge of an insect pest's behavior may help to identify patterns that can be exploited to develop or improve management techniques and strategies. Targeting behaviors that relate to its reproduction are among the most promising for reducing its population. I present a study of many aspects of the courtship and mating behaviors of olive fruit fly (OLF), Bactrocera oleae (Rossi) (Diptera: Tephritidae), an invasive pest that has become widely established in California. Many researchers have studied OLF in the Mediterranean region, but fewer studies have been conducted specifically on the Californian populations. I focused my field work on the synchrony of OLF reproductive biology with the phenology of its host, fruit from the domestic olive (Olea europaea). I deployed sex pheromone traps and monitored them year round for about 3 years to determine when during the year males were captured on the traps. I had control traps (no pheromone) and food-baited traps to document the presence of flies in the olive groves to compare with the timing of flies caught in the pheromone traps. My laboratory studies focused on recording activity and behaviors of males and females in two ways. First, I monitored the circadian movement of males and females individually, as an index of general activity. Second, I video recorded couples of males and females during courtship and mating. Investigating the details of behaviors during these critical times in the biology of this pest could provide very important information on when and/or how to target management efforts in the field. 
538 |a Modo de acceso: World Wide Web. 
020 |a 1267969989 
100 1 |a Villamil, Soledad Camila. 
710 2 |a University of California Davis. 
856 4 0 |3 Acceso a texto completo  |u http://gradworks.umi.com/35/55/3555441.html